000 01094nam a2200313Ia 4500
001 Para_7644
003 CHAP
008 220125s2002 xx 000 0 und d
010 _a206538
040 _cCHAP
090 _aPA TESIS 1627
100 _aPascoe Rocha, Lizbeth Desiree
_985840
245 _aActividad insecticida bajo condiciones de laboratorio de Nicotiana tabacum, Peak Plus y Diaznon contra mosca blanca, Bemisia tabaci (Homoptera :
_b Aleyrodidae) /
_c por Lizbeth Desiree Pascoe Rocha
260 _aChapingo, Méx. :
_b el autor
300 _a37 h.
502 _aTesis (Ing. Agr. Esp. en Parasitología Agrícola) -- UACh. Departamento Parasitología Agrícola
650 _aBemisia tabaci
_911496
650 _aControl de plagas
_927595
650 _aDiazinon
_932440
650 _aInsecticidas
_958855
710 _aUACh. Departamento Parasitología Agrícola
_9164025
901 _aPA TESIS 1627
902 _aA
905 _a0000002002 in 0000000000 00
910 _a2002
942 _cPARA
942 _cPARA
_d1
999 _c206538
_d206538